| 000 | 00525nam a2200169 i 4500 | ||
|---|---|---|---|
| 001 | 50532 | ||
| 003 | ES-MaACL | ||
| 005 | 20230906162210.0 | ||
| 007 | t| | ||
| 008 | 030805s1970 sp ||||1| spa d | ||
| 100 | 1 |
_aChabot, Conde de. _937734 |
|
| 245 | 1 | 0 |
_aHistoria de la caza en Francia / _cpor el Conde de Chabot ; traducida por Antonio Miret. |
| 260 |
_aSevilla : _b[s.n.], _c1970 ( _fGráf. del Sur) |
||
| 300 |
_a173 p., 8 lám. ; _c22 cm. |
||
| 700 | 1 |
_aMiret, Antonio. _981581 |
|
| 852 |
_aES-MaACL _jC-45066 _bR.74119 |
||
| 999 |
_c50532 _d50532 |
||